[Event "Niedersachsen-ch op-B"]
[Site "Verden an der Aller"]
[Date "2020.01.03"]
[Round "3"]
[White "Kieselbach, Marvin"]
[Black "Buecker, Timo"]
[Result "1-0"]
[WhiteElo "1492"]
[BlackElo "1761"]
[PlyCount "45"]
[EventDate "2020.01.02"]
[EventType "swiss"]
[EventRounds "7"]
[EventCountry "GER"]
[SourceTitle "EXT 2023"]
[Source "ChessBase"]
[SourceDate "2022.10.05"]
[SourceVersion "1"]
[SourceVersionDate "2022.10.05"]
[SourceQuality "1"]

1. d4 Nf6 2. Nf3 d6 3. Nc3 Bg4 4. e4 Nbd7 5. Be2 e6 6. Be3 Be7 7. Qd2 0-0 8. h3 Bxf3 9. gxf3 c5 10. Rg1 cxd4 11. Qxd4 Ne8 12. 0-0-0 Bf6 13. Qd2 Qa5 14. Bd4 e5 15. Be3 Rc8 16. Bb5 Rd8 17. Bxd7 Rxd7 18. Bg5 Qd8 19. Nd5 Bxg5 20. Rxg5 Nc7 21. Nxc7 Qxc7 22. Rxg7+ Kh8 23. Qh6 1-0

[Event "Niedersachsen-ch op-B"]
[Site "Verden an der Aller"]
[Date "2020.01.02"]
[Round "2"]
[White "Buecker, Timo"]
[Black "Busse, Lukas Oliver"]
[Result "1/2-1/2"]
[WhiteElo "1761"]
[BlackElo "1585"]
[PlyCount "52"]
[EventDate "2020.01.02"]
[EventType "swiss"]
[EventRounds "7"]
[EventCountry "GER"]
[SourceTitle "EXT 2023"]
[Source "ChessBase"]
[SourceDate "2022.10.05"]
[SourceVersion "1"]
[SourceVersionDate "2022.10.05"]
[SourceQuality "1"]

1. Nc3 d5 2. e4 dxe4 3. Nxe4 Bf5 4. Ng3 Bg6 5. Nf3 h6 6. d4 Nf6 7. Bd3 Bxd3 8. Qxd3 e6 9. 0-0 Nbd7 10. b3 c6 11. Bb2 Bd6 12. c4 0-0 13. Ne5 Qc7 14. f4 Rfd8 15. Qf3 c5 16. Rae1 cxd4 17. Bxd4 Bc5 18. Bxc5 Nxc5 19. Rd1 Qa5 20. Nh5 Nxh5 21. Qxh5 Qc7 22. Nxf7 Qxf7 23. Qxc5 Rxd1 24. Rxd1 Qxf4 25. Rf1 Qe4 26. Qf2 a6 1/2-1/2

[Event "Kiel op 31st"]
[Site "Kiel"]
[Date "2018.07.30"]
[Round "5"]
[White "Fleischmann, Yannic"]
[Black "Buecker, Timo"]
[Result "1/2-1/2"]
[WhiteElo "1748"]
[BlackElo "1801"]
[PlyCount "28"]
[EventDate "2018.07.28"]
[EventType "swiss"]
[EventRounds "9"]
[EventCountry "GER"]
[SourceTitle "CBM 185 Extra"]
[Source "ChessBase"]
[SourceDate "2018.07.29"]
[SourceVersion "1"]
[SourceVersionDate "2018.07.29"]
[SourceQuality "1"]

1. e4 Nc6 2. Nf3 f5 3. exf5 d5 4. d4 Bxf5 5. Bd3 Bg4 6. c3 e5 7. dxe5 Nxe5 8. Qe2 Bd6 9. Nbd2 Qe7 10. 0-0 0-0-0 11. h3 Bh5 12. Qe3 Nf6 13. Nxe5 Qxe5 14. Qxe5 Bxe5 1/2-1/2

[Event "Schleswig Holstein-ch Kandidatenklasse"]
[Site "Ratzeburg"]
[Date "2017.04.13"]
[Round "4.2"]
[White "Koch, Soeren"]
[Black "Buecker, Timo"]
[Result "1/2-1/2"]
[WhiteElo "1987"]
[BlackElo "1834"]
[PlyCount "46"]
[EventDate "2017.04.13"]
[EventType "swiss"]
[EventRounds "9"]
[EventCountry "GER"]
[SourceTitle "EXT 2022"]
[Source "ChessBase"]
[SourceDate "2021.10.06"]
[SourceVersion "1"]
[SourceVersionDate "2021.10.06"]
[SourceQuality "1"]

1. e4 e6 2. d4 d5 3. Nc3 dxe4 4. Nxe4 Bd7 5. Nf3 Bc6 6. Bd3 Bxe4 7. Bxe4 c6 8. c3 Nf6 9. Bc2 Be7 10. 0-0 Nbd7 11. Qe2 Qc7 12. Ne5 Nxe5 13. dxe5 Nd7 14. f4 g6 15. Be3 Bc5 16. Bxc5 Nxc5 17. b4 Nd7 18. Rfd1 0-0-0 19. Kh1 Nb6 20. Re1 Rd7 21. a4 Rhd8 22. Rad1 Rxd1 23. Rxd1 Rxd1+ 1/2-1/2

[Event "Hamburg St Pauli op-B"]
[Site "Hamburg"]
[Date "2014.07.20"]
[Round "3"]
[White "Woelk, Tom Frederic"]
[Black "Buecker, Timo"]
[Result "0-1"]
[WhiteElo "1080"]
[BlackElo "1893"]
[PlyCount "56"]
[EventDate "2014.07.19"]
[EventType "swiss"]
[EventRounds "9"]
[EventCountry "GER"]
[SourceTitle "CBM 161 Extra"]
[Source "ChessBase"]
[SourceDate "2014.08.29"]
[SourceVersion "1"]
[SourceVersionDate "2014.08.29"]
[SourceQuality "1"]

1. e4 d5 2. exd5 Nf6 3. Nc3 Nxd5 4. d4 Bf5 5. Bc4 e6 6. Nxd5 exd5 7. Bd3 Qf6 8. Ne2 Bd6 9. Ng3 Bg6 10. 0-0 0-0 11. c3 Re8 12. Bxg6 Qxg6 13. Be3 Nd7 14. Re1 c6 15. Rc1 f5 16. Qd2 Bxg3 17. hxg3 Nf6 18. Bf4 Qh5 19. Rxe8+ Rxe8 20. Qd1 Ng4 21. Be3 Qh2+ 22. Kf1 Rxe3 23. fxe3 Nxe3+ 24. Kf2 Nxd1+ 25. Rxd1 f4 26. gxf4 Qxf4+ 27. Kg1 g5 28. Kh1 Qf2 0-1

[Event "Lueneburg blitz op"]
[Site "Lueneburg"]
[Date "2013.07.22"]
[Round "?"]
[White "Piankov, Evgenij"]
[Black "Buecker, Timo"]
[Result "1-0"]
[WhiteElo "2264"]
[BlackElo "1918"]
[PlyCount "75"]
[EventDate "2013.07.22"]
[EventType "swiss (blitz)"]
[EventRounds "9"]
[EventCountry "GER"]
[SourceTitle "EXT 2024"]
[Source "ChessBase"]
[SourceDate "2023.10.10"]
[SourceVersion "1"]
[SourceVersionDate "2023.10.10"]
[SourceQuality "1"]

1. d4 d5 2. Bg5 g6 3. e3 Bg7 4. Nf3 Nf6 5. c4 c6 6. Nc3 0-0 7. Rc1 Nbd7 8. cxd5 Nxd5 9. Nxd5 cxd5 10. Be2 Nf6 11. 0-0 Bg4 12. Qb3 b6 13. h3 Bxf3 14. Bxf3 e6 15. Be2 Rc8 16. Ba6 Rc7 17. Bf4 Rxc1 18. Rxc1 Ne4 19. Qc2 g5 20. Bc7 Qf6 21. Bd3 Rc8 22. Bxe4 dxe4 23. Qxe4 Qe7 24. Qb7 Qd7 25. Qc6 Qe7 26. Rc3 e5 27. Bd6 Rxc6 28. Bxe7 Rxc3 29. bxc3 exd4 30. exd4 f5 31. Bxg5 Kf7 32. Kf1 Ke6 33. Ke2 Kd5 34. Kd3 b5 35. g4 fxg4 36. hxg4 a5 37. Bd8 a4 38. f4 1-0

[Event "Kiel op 25th"]
[Site "Kiel"]
[Date "2012.07.28"]
[Round "1"]
[White "Andersen, Jens Knud"]
[Black "Buecker, Timo"]
[Result "1-0"]
[WhiteElo "2195"]
[BlackElo "1894"]
[PlyCount "115"]
[EventDate "2012.07.28"]
[EventType "swiss"]
[EventRounds "9"]
[EventCountry "GER"]
[SourceTitle "EXT 2015"]
[Source "ChessBase"]
[SourceDate "2014.11.20"]
[SourceVersion "1"]
[SourceVersionDate "2014.11.20"]
[SourceQuality "1"]

1. d4 e6 2. Nf3 Nf6 3. e3 b6 4. Nbd2 Bb7 5. Bd3 d5 6. 0-0 Nbd7 7. b3 Be7 8. Bb2 0-0 9. Ne5 Nxe5 10. dxe5 Ne4 11. f4 f5 12. exf6 Bxf6 13. Bxf6 Qxf6 14. Nxe4 dxe4 15. Bc4 Rad8 16. Qe2 Bd5 17. Rad1 Qc3 18. Bxd5 Rxd5 19. Rxd5 exd5 20. Rd1 Qc5 21. c4 c6 22. cxd5 cxd5 23. Qd2 Rd8 24. Rc1 Qd6 25. Qd4 Kf7 26. b4 Rd7 27. b5 Qf6 28. Qb4 Qe7 29. Qb3 Qh4 30. Qc3 Qe7 31. a4 h5 32. Qc6 Rd6 33. Qc8 Rd7 34. Rc6 Qe8 35. Qxe8+ Kxe8 36. Kf2 d4 37. Re6+ Kf7 38. Rxe4 dxe3+ 39. Kxe3 Rd1 40. Rc4 Rd7 41. g3 Kf6 42. Rd4 Re7+ 43. Kf3 g6 44. g4 hxg4+ 45. Kxg4 Re2 46. Rd6+ Ke7 47. Rxg6 Rxh2 48. Rg7+ Kf6 49. Rxa7 Rg2+ 50. Kf3 Ra2 51. Ke4 Re2+ 52. Kd5 Kf5 53. Ra6 Ra2 54. Kc6 Kxf4 55. Kxb6 Ke5 56. Ra8 Kd6 57. a5 Kd7 58. Rh8 1-0

[Event "Hamburg St Pauli op-A"]
[Site "Hamburg"]
[Date "2011.07.14"]
[Round "7"]
[White "Schulz, Hans Juergen"]
[Black "Buecker, Timo"]
[Result "1/2-1/2"]
[WhiteElo "2040"]
[BlackElo "1905"]
[PlyCount "114"]
[EventDate "2011.07.09"]
[EventType "swiss"]
[EventRounds "9"]
[EventCountry "GER"]
[SourceTitle "CBM 143 Extra"]
[Source "ChessBase"]
[SourceDate "2011.08.29"]
[SourceVersion "1"]
[SourceVersionDate "2011.08.29"]
[SourceQuality "1"]

1. e4 c6 2. d4 g6 3. c4 d5 4. cxd5 cxd5 5. e5 Nc6 6. h3 Bf5 7. Nc3 h5 8. Nf3 Nh6 9. Qb3 e6 10. Qxb7 Rc8 11. Bb5 Qd7 12. Qxd7+ Kxd7 13. Be3 Rb8 14. 0-0 a6 15. Bxc6+ Kxc6 16. b3 Bb4 17. Na4 Ba3 18. Bc1 Be7 19. Bxh6 Rxh6 20. Rac1+ Kd7 21. Nc5+ Bxc5 22. Rxc5 Rhh8 23. Rfc1 Rb7 24. Ng5 Rf8 25. Nh7 Rfb8 26. R1c3 Bb1 27. Ra5 Rb6 28. Ng5 Rf8 29. Rac5 Rb7 30. a3 Ba2 31. Rc6 Bxb3 32. Rxa6 Bc4 33. Rd6+ Ke7 34. Ne4 Ra8 35. Nd2 Ra4 36. Nxc4 Rxc4 37. Rxc4 dxc4 38. Rc6 Ra7 39. Rxc4 Rxa3 40. h4 Rd3 41. Kh2 Kd7 42. f3 Ke7 43. Kg3 Rd2 44. Kh3 Rd3 45. Kh2 Rd1 46. g4 hxg4 47. fxg4 Rd3 48. h5 gxh5 49. gxh5 Kf8 50. h6 Kg8 51. Rc8+ Kh7 52. Rf8 Rxd4 53. Rxf7+ Kxh6 54. Rf6+ Kg5 55. Kg3 Re4 56. Rxe6 Kf5 57. Re8 Rxe5 1/2-1/2

[Event "Hamburg St Pauli op-A"]
[Site "Hamburg"]
[Date "2011.07.11"]
[Round "4"]
[White "Welsh, Michael"]
[Black "Buecker, Timo"]
[Result "1-0"]
[WhiteElo "2061"]
[BlackElo "1905"]
[PlyCount "47"]
[EventDate "2011.07.09"]
[EventType "swiss"]
[EventRounds "9"]
[EventCountry "GER"]
[SourceTitle "CBM 143 Extra"]
[Source "ChessBase"]
[SourceDate "2011.08.29"]
[SourceVersion "1"]
[SourceVersionDate "2011.08.29"]
[SourceQuality "1"]

1. e4 g6 2. d4 Bg7 3. Nc3 d5 4. Nf3 dxe4 5. Nxe4 Nd7 6. Bc4 Ngf6 7. Neg5 0-0 8. Nxf7 Rxf7 9. Ng5 Ne5 10. dxe5 Qxd1+ 11. Kxd1 Ng4 12. Bxf7+ Kf8 13. e6 Bxe6 14. Bxe6 Nxf2+ 15. Ke2 Nxh1 16. Be3 Bxb2 17. Rxh1 Kg7 18. Nf7 Kf6 19. Bb3 e6 20. Rf1+ Ke7 21. Bg5+ Kd7 22. Rd1+ Kc6 23. Rd8 Rxd8 24. Nxd8+ 1-0

[Event "Blankenburg op 17th"]
[Site "Blankenburg"]
[Date "2009.10.05"]
[Round "6"]
[White "Lau, Juergen"]
[Black "Buecker, Timo"]
[Result "0-1"]
[WhiteElo "2061"]
[BlackElo "1878"]
[PlyCount "90"]
[EventDate "2009.10.02"]
[EventType "swiss"]
[EventRounds "7"]
[EventCountry "GER"]
[SourceTitle "CBM 132 Extra"]
[Source "ChessBase"]
[SourceDate "2009.11.03"]
[SourceVersion "1"]
[SourceVersionDate "2009.11.03"]
[SourceQuality "1"]

1. g3 d5 2. Bg2 c6 3. Nf3 Nf6 4. 0-0 g6 5. d3 Bg7 6. Nbd2 0-0 7. e4 dxe4 8. dxe4 Bg4 9. h3 Bxf3 10. Qxf3 Nbd7 11. Qe2 e5 12. b3 Qc7 13. Ba3 Rfe8 14. Rad1 Bf8 15. Bb2 Rad8 16. Nc4 b5 17. Ne3 Nc5 18. Rxd8 Rxd8 19. f3 Bg7 20. h4 h5 21. Nd1 Ne6 22. Bc1 Nd4 23. Qf2 Qb6 24. Be3 Qa5 25. c3 Ne6 26. Bh3 Nf8 27. g4 Ne6 28. g5 Nd7 29. Bxe6 fxe6 30. Qc2 Rf8 31. Kg2 Qc7 32. c4 a6 33. cxb5 axb5 34. Nc3 Qa5 35. Rd1 Rd8 36. Rd6 Bf8 37. Rxc6 Kf7 38. a4 bxa4 39. bxa4 Bc5 40. Bxc5 Nxc5 41. Kh3 Nd3 42. Qb3 Nf4+ 43. Kh2 Rd2+ 44. Kh1 Qd8 45. Rb6 Rh2+ 0-1

[Event "Blankenburg op 17th"]
[Site "Blankenburg"]
[Date "2009.10.03"]
[Round "3"]
[White "Buecker, Timo"]
[Black "Kliewe, Hans Juergen"]
[Result "0-1"]
[WhiteElo "1878"]
[BlackElo "2120"]
[PlyCount "112"]
[EventDate "2009.10.02"]
[EventType "swiss"]
[EventRounds "7"]
[EventCountry "GER"]
[SourceTitle "CBM 132 Extra"]
[Source "ChessBase"]
[SourceDate "2009.11.03"]
[SourceVersion "1"]
[SourceVersionDate "2009.11.03"]
[SourceQuality "1"]

1. Nc3 d5 2. e4 e6 3. exd5 exd5 4. d4 Nf6 5. Bd3 Bb4 6. Bd2 0-0 7. Nge2 Bg4 8. f3 Bh5 9. 0-0 c5 10. a3 Bxc3 11. Bxc3 c4 12. Bf5 Nc6 13. Nf4 Qd6 14. Qd2 b5 15. Nxh5 Nxh5 16. Qg5 g6 17. Bg4 Nf4 18. g3 Ne2+ 19. Kg2 f5 20. Bh3 Nexd4 21. Rad1 Ne6 22. Qh6 Rad8 23. Rfe1 d4 24. Bd2 Qd5 25. Bf4 Rde8 26. Kf2 Re7 27. Bg5 Nxg5 28. Qxg5 Rfe8 29. Rxe7 Rxe7 30. Qf4 Qe6 31. Bf1 Kg7 32. Qd2 Kf6 33. f4 Rd7 34. Re1 Qd6 35. Bg2 Nd8 36. Re5 Qb6 37. Kf1 Nf7 38. Rd5 Rxd5 39. Bxd5 Qc5 40. Bg2 Nd6 41. Qe2 a5 42. b4 cxb3 43. cxb3 a4 44. bxa4 bxa4 45. Ke1 Nc4 46. Qe8 Qa5+ 47. Kf2 Qd2+ 48. Qe2 Qxe2+ 49. Kxe2 Nxa3 50. Kd3 Nb1 51. Kxd4 a3 52. Bd5 Nd2 53. h3 h5 54. Ke3 Ne4 55. Kd3 Nxg3 56. Kc2 Ne2 0-1

[Event "Schleswig Holstein-ch cand 63rd"]
[Site "Gross Groenau"]
[Date "2008.03.17"]
[Round "3"]
[White "Buecker, Timo"]
[Black "Hielscher, Ursula"]
[Result "1/2-1/2"]
[WhiteElo "1840"]
[BlackElo "1764"]
[PlyCount "141"]
[EventDate "2008.03.15"]
[EventType "swiss"]
[EventRounds "9"]
[EventCountry "GER"]
[SourceTitle "EXT 2010"]
[Source "ChessBase"]
[SourceDate "2010.11.25"]
[SourceVersion "1"]
[SourceVersionDate "2010.11.25"]
[SourceQuality "1"]

1. d4 Nf6 2. Nf3 g6 3. Nc3 Bg7 4. e4 d6 5. Be3 0-0 6. Qd2 Re8 7. Bd3 Nbd7 8. 0-0-0 e5 9. d5 Nc5 10. h3 Nxd3+ 11. cxd3 Bd7 12. Bh6 Re7 13. Bxg7 Kxg7 14. g4 h5 15. gxh5 Nxh5 16. Rdg1 Qh8 17. Qg5 Qh6 18. Ne2 Qxg5+ 19. Rxg5 Rh8 20. Kd2 Nf6 21. h4 Ng4 22. Rg1 Nxf2 23. R1g2 Nh3 24. R5g3 Rh5 25. Rh2 Nf4 26. Rg1 c6 27. Ng3 Rh6 28. dxc6 bxc6 29. Ke3 Nh5 30. Rhg2 Nf6 31. Rh1 Kf8 32. h5 gxh5 33. Nh4 Re8 34. Ngf5 Bxf5 35. Nxf5 Rg6 36. Rxg6 fxg6 37. Nxd6 Ng4+ 38. Ke2 Re6 39. Rf1+ Rf6 40. Rxf6+ Nxf6 41. Nc4 Nd7 42. b4 Ke7 43. Kf3 Kf6 44. a4 Kg5 45. b5 cxb5 46. axb5 Kf6 47. Na5 Nb6 48. Nc6 Nc8 49. d4 exd4 50. Nxd4 Nd6 51. Kf4 g5+ 52. Kf3 Nc8 53. Nc6 Ke6 54. Nd8+ Ke7 55. Nc6+ Kd6 56. Nd4 g4+ 57. Kf4 Kc5 58. Ne2 Kxb5 59. Kg5 Nd6 60. Kxh5 Nxe4 61. Kxg4 Kb4 62. Kf3 Ng5+ 63. Ke3 a5 64. Kd2 Kb3 65. Nd4+ Kb2 66. Nb5 a4 67. Ke3 Ne6 68. Ke4 Nc7 69. Nd6 Kb1 70. Nc4 Nb5 71. Ke5 1/2-1/2